A course in abstract algebra (Record no. 6678)

MARC details
000 -LEADER
fixed length control field 00928nam a2200169 4500
020 ## - INTERNATIONAL STANDARD BOOK NUMBER
ISBN 9788125919117
050 ## - CALL NUMBER
Classification number QA162
Item number .K43
100 ## - AUTHOR
Personal name Khanna, Vijay K.
245 ## - TITLE
Title A course in abstract algebra
250 ## - EDITION
Edition statement 3rd
260 ## - PUBLICATION INFORMATION
Place of publication New Delhi
Name of publisher Vikas Publishing House
Year of publication 2008
300 ## - DESCRIPTION
Number of Pages ix, 663p. :
Dimensions 25cm
505 ## - FORMATTED CONTENTS NOTE
Table of Content Chapter 1. Preliminaries <br/>Chapter 2. Groups <br/>Chapter 3. Normal Subgroups, Homomorphisms, Permutation Groups<br/>Chapter 4. Automorphisms and conjugate elements <br/>Chapter 5. Sylow Theorems and Direct Products <br/>Chapter 6. Group Actions, Solvable and Nilpotent Groups <br/>Chapter 7. Rings <br/>Chapter 8. Homomorphisms and Imbedding of Rings <br/>Chapter 9. Euclidean and Factorizations Domains <br/>Chapter 10. Vector spaces <br/>Chapter 11. Linear transformations<br/>Chapter 12. Eigen Values and Eigen Vectors<br/>Chapter 13. Fields <br/>Chapter 14. More on fields
650 ## - SUBJECTS
Topical Term Algebra
650 ## - SUBJECTS
Topical Term Abstract
942 ## - ADDED ENTRY ELEMENTS (KOHA)
Koha item type Books
Holdings
Withdrawn status Lost status Collection code Home library Current library Shelving location Date acquired Full call number Accession Number Koha item type
    Reference Methodist University Library Main Methodist University Library Main General Stacks 09/11/2019 QA162 .K43 33864 Books
Copyright © 2026  MUG Library